| 000 | 01061nam a22003135a 4500 | ||
|---|---|---|---|
| 999 |
_c18683 _d18655 |
||
| 003 | EG-ScBUE | ||
| 005 | 20201128021135.0 | ||
| 008 | 141130s2011 nyua frb 001 0 eng d | ||
| 020 | _a9780071327664 | ||
| 020 | _a0071327665 | ||
| 040 |
_aEG-ScBUE _beng _erda _cEG-ScBUE _dEG-ScBUE |
||
| 082 | 0 | 4 |
_a808.0427 _bLAN _222 |
| 100 | 1 |
_aLangan, John, _d1942- _eauthor. _95499 |
|
| 245 | 1 | 0 |
_aCollege writing skills with reading / _cJohn Langan. |
| 250 | _aEighth edition. | ||
| 250 | _aInternational student edition. | ||
| 264 | 1 |
_aNew York : _bMcGraw-Hill, _c2011. |
|
| 300 |
_a1 volume (various pagings) : _billustrations (color) ; _c24 cm |
||
| 336 |
_atext _btxt _2rdacontent |
||
| 337 |
_aunmediated _bn _2rdamedia |
||
| 338 |
_avolume _bnc _2rdacarrier |
||
| 504 | _aIncludes bibliographical references and index. | ||
| 650 | 7 |
_aEnglish language _xRhetoric. _2BUEsh _930923 |
|
| 650 | 7 |
_aEnglish language _xGrammar. _2BUEsh _95501 |
|
| 650 | 7 |
_aCollege readers. _2BUEsh _91110 |
|
| 651 | _2BUEsh | ||
| 653 |
_bBUSADM _bHHUUEENN _cNovember2014 |
||
| 942 |
_2ddc _cBB |
||